000 00422nam a2200169Ia 4500
008 230524s9999 xx 000 0 und d
082 _a310
_bGUN
100 _aA.M.Gun
245 0 _aFundamentals of Statistics Vol-2
250 _a1ST
260 _aCALCUTTA
_bWorld Press
_c2002
300 _aXIV;599
500 _aQuantity Number: 2
650 _aMathematics
700 _a" M.K.Gupta , B.Dasgupta,,,"
942 _cBK
999 _c31266
_d31266